21st century astronomy Jeff Hester ... [et al]
Kaydedildi:
| Materyal Türü: | Sách |
|---|---|
| Dil: | Undetermined |
| Baskı/Yayın Bilgisi: |
Norton
2007
|
| Konular: | |
| Etiketler: |
Etiketle
Etiket eklenmemiş, İlk siz ekleyin!
|
| Thư viện lưu trữ: | Trung tâm Thư viện - Trường Đại học Công nghiệp TP. Hồ Chí Minh |
|---|
| LEADER | 00411nam a2200133Ia 4500 | ||
|---|---|---|---|
| 001 | UIH_05860 | ||
| 008 | 231011s9999 xx 000 0 und d | ||
| 082 | |a 520 | ||
| 245 | 0 | |a 21st century astronomy Jeff Hester ... [et al] | |
| 260 | |b Norton | ||
| 260 | |c 2007 | ||
| 650 | |a Thiên văn học; | ||
| 927 | |a Sách | ||
| 980 | |a Trung tâm Thư viện - Trường Đại học Công nghiệp TP. Hồ Chí Minh | ||